| 000 | 00761nam a22002177a 4500 | ||
|---|---|---|---|
| 003 | OSt | ||
| 005 | 20260609103142.0 | ||
| 008 | 260609b |||||||| |||| 00| 0 eng d | ||
| 020 | _a0-8141-0991-8 | ||
| 040 | _cChuka University Library | ||
| 050 |
_aLB 1576 _b.M3 1991 |
||
| 100 |
_aMarzano, Robert J. _927674 |
||
| 245 | _aCultivating Thinking In English And The Language Arts | ||
| 260 |
_aIllinois _bNational Council Of Teachers Of English _c1991 |
||
| 300 |
_a89p _bIllustrations |
||
| 650 |
_aEnglish Language Study And Teaching United States _927809 |
||
| 650 |
_aLanguage Arts United States _927810 |
||
| 650 |
_aThought an Thinking Study and Teaching United States _927811 |
||
| 650 |
_aCognitive Learning United States _927812 |
||
| 942 |
_2lcc _cBK _n0 |
||
| 999 |
_c23594 _d23594 |
||